• 首页
  • 本馆介绍
  • 公告通知
  • 最新文献
  • 馆藏检索
  • 电子资源
  • 读者导购
  • 参考咨询
  • 我的图书馆
  • 登录
  • 详细信息显示
  • 放入我的书架
  • 预约/预借图书
  • 作者相关作品
  • 分类相关作品
  • 丛书相关作品
  • 出版社相关作品

书目信息

  • 表格格式
  • 工作单格式
  • 卡片格式
题名:
最小二乘偏移成像理论及方法
    
 
作者: 黄建平 , 李闯 , 李庆洋 著
分册:  
出版信息: 北京   科学出版社  2016
页数: 179页
开本: 26cm
丛书名:
单 册:
中图分类: P315.3
科图分类:
主题词: 地震偏移--研究
电子资源:
ISBN: 978-7-03-048216-7
000 01012nam0 2200253 450
001 3627
005 20181008110436.12
010    @a978-7-03-048216-7@dCNY88.00
100    @a20161104d2016 em y0chiy50 ea
101 0  @achi
102    @aCN@b110000
105    @aa z 000yy
200 1  @a最小二乘偏移成像理论及方法@9zui xiao er cheng pian yi cheng xiang li lun ji fang fa@f黄建平, 李闯, 李庆洋著
210    @a北京@c科学出版社@d2016
215    @a179页@c图@d26cm
300    @a中国石油大学(华东)“211工程”建设重点资助学术专著
330    @a本书首先介绍了最小二乘模型匹配理论;然后重点阐述了基于射线理论的最小二乘Kirchhoff偏移、最小二乘高斯束偏移、波动方程的单程波最小二乘偏移、波动方程的双程波最小二乘偏移、黏场波介质的最小二乘偏移等内容;最后对最小二乘偏移方法的研究进行展望。
606 0  @a地震偏移@x研究
690    @aP315.3@v5
701  0 @a黄建平@9huang jian ping@4著
701  0 @a李闯@9li chuang@4著
701  0 @a李庆洋@9li qing yang@4著
801  0 @aCN@b91MARC@c20161118
905    @aMuseLib@dP315.3@e134
    
    最小二乘偏移成像理论及方法/黄建平, 李闯, 李庆洋著.-北京:科学出版社,2016
    179页:图;26cm
    中国石油大学(华东)“211工程”建设重点资助学术专著
    
    ISBN 978-7-03-048216-7:CNY88.00
    本书首先介绍了最小二乘模型匹配理论;然后重点阐述了基于射线理论的最小二乘Kirchhoff偏移、最小二乘高斯束偏移、波动方程的单程波最小二乘偏移、波动方程的双程波最小二乘偏移、黏场波介质的最小二乘偏移等内容;最后对最小二乘偏移方法的研究进行展望。
●
相关链接 在E读中查询图书 在五车中查询图书 在当当中查询图书 在豆瓣中查询图书


正题名:最小二乘偏移成像理论及方法     索取号:P315.3/134         预约/预借

序号 登录号 条形码 馆藏地/架位号 状态 备注
1 1122932   211229320   第二样本阅览室/ [索取号:P315.3/134] 在馆    
2 1122933   211229339   第三借阅区/ [索取号:P315.3/134] 在馆    
3 1122934   211229348   第三借阅区/ [索取号:P315.3/134] 在馆    
4 1122935   211229357   第三借阅区/ [索取号:P315.3/134] 在馆    
5 1122936   211229366   数信系资料室/ [索取号:P315.3/134] 在馆    
唐山师范学院图书馆 欢迎您!
大连网信软件有限公司© 版权所有